000 00488nam a2200181Ia 4500
003 OSt
005 20201204121846.0
008 190216s9999||||xx |||||||||||||| ||und||
020 _a8171741614
040 _coclc
082 _a894.8123
_bHUG/P
100 _aHugo, Victor
_94876
245 0 _aPavangal /
_cVictor Hugo
260 _bC I C C Book House,,
_aKochi:
_c1994.
300 _a192p
650 _aNovel
942 _cBK
_2ddc
_h894.8123
_iHUG/P
_k894.8123
_mHUG/P
999 _c27592
_d27592